| 000 | 00578nam a2200217Ia 4500 | ||
|---|---|---|---|
| 005 | 20251122100341.0 | ||
| 008 | 230125s9999 xx 000 0 und d | ||
| 020 | _a978-93-5388-662-2 | ||
| 041 | _aeng | ||
| 082 |
_a158.1 _bSEN/CHA |
||
| 100 |
_aSen R _9215423 |
||
| 245 | _aPower, Sexuality Gender Dynamics at Work | ||
| 250 | _a1st Ed. | ||
| 260 |
_c2020 _bSage Publication _aNew Delhi |
||
| 300 | _a248p | ||
| 500 | _aPersonality Development | ||
| 650 |
_aPersonality Development _9213420 |
||
| 700 |
_aSen R & Chatterjee U _9215424 |
||
| 906 | _b112.5 | ||
| 942 | _cBK | ||
| 999 |
_c96590 _d96590 |
||